| 000 | 01793nam a2200253 a 4500 | ||
|---|---|---|---|
| 001 | 000038720 | ||
| 003 | DO-SdBNP | ||
| 005 | 20171011114459.0 | ||
| 008 | 110408s1993 dr ac 000 0 spa d | ||
| 040 |
_aBPMSU _bspa _cBPMSU |
||
| 082 | 0 | 4 |
_a972.93 _bM385m |
| 100 | 1 | _aMartínez Almanzar, Juan Francisco | |
| 245 | 1 | 0 |
_aManual de historia crítica dominicana (1492-1965) / _cJuan Francisco Martínez Almanzar. |
| 250 | _a2a. ed., ampliada | ||
| 260 |
_aSanto Domingo : _bCAIS, _c1993. |
||
| 300 |
_a541, [17] p. : _bil. ; _c23 cm. |
||
| 505 | 0 |
_aPrehistoria e historia -- _tSituación de Europa del descubrimiento -- _tLa sociedad aborigen -- _t El descubrimiento de América -- _tConquista y colonización -- _tColón y la anulación de las capitulaciones de Santa Fe -- _tEl régimen de las encomiendas -- _tInicio de la industria azucarera -- _tLa Española de 1520 a 1550 -- _tLa Española en la segunda mitad del siglo XVI -- _tLa isla de Santo Domingo en el siglo XVII -- _tLa revolución Haitiana -- _tLa dominación Francesa y Española a principios del siglo XIX -- _tUnificación política de las isla y separación -- _tLos inicios de la primera República -- _tEl caudillismo y la situación de la naciente República durante su primer período (1844-1861) -- _tAnexión y guerra de restauración -- _tLa Española en la segunda mitad del siglo XVI -- _t -- Unificación política de las isla y separación -- _tLos inicios de la primera República. |
|
| 651 | 4 |
_aREPÚBLICA DOMINICANA _xHISTORIA _y1492-1965 |
|
| 710 | 2 | _aCentro de Adiestramiento e Investigación Social (República Dominicana) | |
| 910 | _aValidado. Control de calidad MFF | ||
| 942 |
_2ddc _cBK |
||
| 945 | _aTítulo remanejado pra BNPHU / 2017 | ||
| 956 |
_aVMATEO _b10 _c20150908 _lBPMSU _h00151 |
||
| 999 |
_c7497 _d7497 |
||